000 00515nam a2200193 a 4500
001 000049060
003 DO-SdBNP
005 20221129092132.0
007 ta
008 190716s2004 dr a r 000 0 spa d
040 _aDO-SdBNP
_bspa
_cBNPHU
082 _axxxx
_bH673
_222
245 0 0 _aHistoria de la banca :
_buna travesía por la senda del dinero
260 _aSanto Domingo :
_bBanco Popular,
_c[s.f.].
300 _a30 p. ;
_c16 cm.
590 _aInventariado, 2022 / DG
910 _aDG
942 _2ddc
_cLF2
999 _c53018
_d53018